| 000 | 00431nmm a22001577a 4500 | ||
|---|---|---|---|
| 005 | 20170210105642.0 | ||
| 008 | 150728b xxu||||| |||| 00| 0 spa d | ||
| 041 | _aspa | ||
| 082 | _aMD 115 | ||
| 100 |
_aAlvarado Ramírez, Johel _911317 |
||
| 245 | _aInforme de Práctica Supervisada realizado en el Laboratorio Dental Ebenezer | ||
| 260 | _c2013 | ||
| 650 |
_aCOSTA RICA _939322 |
||
| 650 |
_aPRÓTESIS TOTAL _93685 |
||
| 942 | _cIP | ||
| 999 |
_c6798 _d6798 |
||